<?xml version="1.0" encoding="UTF-8"?><?xml-stylesheet type="text/xsl" href="static/style.xsl"?><OAI-PMH xmlns="http://www.openarchives.org/OAI/2.0/" xmlns:xsi="http://www.w3.org/2001/XMLSchema-instance" xsi:schemaLocation="http://www.openarchives.org/OAI/2.0/ http://www.openarchives.org/OAI/2.0/OAI-PMH.xsd"><responseDate>2026-04-13T02:51:20Z</responseDate><request verb="GetRecord" identifier="oai:www.recercat.cat:20.500.12328/1850" metadataPrefix="marc">https://recercat.cat/oai/request</request><GetRecord><record><header><identifier>oai:recercat.cat:20.500.12328/1850</identifier><datestamp>2025-05-16T12:58:31Z</datestamp><setSpec>com_2072_67741</setSpec><setSpec>col_2072_484352</setSpec></header><metadata><record xmlns="http://www.loc.gov/MARC21/slim" xmlns:dcterms="http://purl.org/dc/terms/" xmlns:xsi="http://www.w3.org/2001/XMLSchema-instance" xmlns:doc="http://www.lyncode.com/xoai" xsi:schemaLocation="http://www.loc.gov/MARC21/slim http://www.loc.gov/standards/marcxml/schema/MARC21slim.xsd">
   <leader>00925njm 22002777a 4500</leader>
   <datafield ind2=" " ind1=" " tag="042">
      <subfield code="a">dc</subfield>
   </datafield>
   <datafield ind2=" " ind1=" " tag="720">
      <subfield code="a">Castillo Garcia, Jordi</subfield>
      <subfield code="e">author</subfield>
   </datafield>
   <datafield ind2=" " ind1=" " tag="720">
      <subfield code="a">Llauradó Serra, Mireia</subfield>
      <subfield code="e">author</subfield>
   </datafield>
   <datafield ind2=" " ind1=" " tag="720">
      <subfield code="a">Aliberch Raurell, Anna</subfield>
      <subfield code="e">author</subfield>
   </datafield>
   <datafield ind2=" " ind1=" " tag="720">
      <subfield code="a">Rodriguez Higueras, Encarnación</subfield>
      <subfield code="e">author</subfield>
   </datafield>
   <datafield ind2=" " ind1=" " tag="260">
      <subfield code="c">2020-05</subfield>
   </datafield>
   <datafield ind2=" " ind1=" " tag="520">
      <subfield code="a">Se realizó un estudio prospectivo cuasiexperimental con el objetivo de evaluar las competencias de los estudiantes de enfermería después de un curso oficial en soporte vital básico (SVB) y uso del desfibrilador semiautomático (DSA), así como su retención a los 6 meses en función de si la formación fue unidisciplinar (UP) o interdisciplinar (IP). El estudio se llevó a cabo en la Universitat Internacional de Catalunya (UIC) entre un grupo que recibió formación de manera UP y un grupo que recibió la formación de manera IP. Los participantes fueron estudiantes de primero de enfermería de los cursos académicos 2016-2017 y 2017-2018, que recibieron una formación en SVB/DSA con metodología UP o IP cuando lo realizaron conjuntamente con estudiantes de medicina. La formación que recibieron los alumnos en ambos grupos fue de 4:30 h de duración, según recomendaciones del European Resuscitation Council (ERC). Participaron 8 formadores acreditados. La ratio de instructor/alumno fue de 1:8 y se contó con un maniquí de baja fidelidad «Little Anne» de Laerdal® para cada 2 alumnos (era requisito realizar la práctica en parejas) y un maniquí de media fidelidad tipo Ressuci Anne QPCR de Laerdal® para cada grupo con el software de entrenamiento SkillReporter de feedback inmediato. El instrumento de medida para la evaluación de conocimientos fue un cuestionario tipo test de respuesta múltiple de 10 preguntas al finalizar la formación y a los 6 meses. Para la evaluación de las habilidades técnicas se utilizaron los datos obtenidos por el software del maniquí en el contexto de un caso simulado.</subfield>
   </datafield>
   <datafield ind1="8" ind2=" " tag="024">
      <subfield code="a">Castillo Garcia, Jordi; Llauradó Serra, Mireia; Aliberch Raurell, Anna [et al.]. Comparación en la adquisición y retención de competencias en soporte vital entre formación uni o interdisciplinar. Estudio cuasiexperimental. Atención Primaria, 2020, 52(5), p. 367-368. Disponible en: &lt;https://www.sciencedirect.com/science/article/pii/S021265672030041X?via%3Dihub>. Fecha de acceso: 18 dic. 2020. DOI: 10.1016/j.aprim.2020.01.008</subfield>
   </datafield>
   <datafield ind1="8" ind2=" " tag="024">
      <subfield code="a">0212-6567</subfield>
   </datafield>
   <datafield ind1="8" ind2=" " tag="024">
      <subfield code="a">http://hdl.handle.net/20.500.12328/1850</subfield>
   </datafield>
   <datafield ind1="8" ind2=" " tag="024">
      <subfield code="a">https://dx.doi.org/10.1016/j.aprim.2020.01.008</subfield>
   </datafield>
   <datafield tag="653" ind2=" " ind1=" ">
      <subfield code="a">Medicina</subfield>
   </datafield>
   <datafield tag="653" ind2=" " ind1=" ">
      <subfield code="a">Infermeria</subfield>
   </datafield>
   <datafield tag="653" ind2=" " ind1=" ">
      <subfield code="a">Medicina</subfield>
   </datafield>
   <datafield tag="653" ind2=" " ind1=" ">
      <subfield code="a">Enfermería</subfield>
   </datafield>
   <datafield tag="653" ind2=" " ind1=" ">
      <subfield code="a">Medicine</subfield>
   </datafield>
   <datafield tag="653" ind2=" " ind1=" ">
      <subfield code="a">Nursery</subfield>
   </datafield>
   <datafield ind2="0" ind1="0" tag="245">
      <subfield code="a">Comparación en la adquisición y retención de competencias en soporte vital entre formación uni o interdisciplinar. Estudio cuasiexperimental</subfield>
   </datafield>
</record></metadata></record></GetRecord></OAI-PMH>